UM Logo
Normal view MARC view
  • Loque, Dutch Boie T.

Entry Personal Name

Number of records used in: 1

001 - CONTROL NUMBER

  • control field: 57391

003 - CONTROL NUMBER IDENTIFIER

  • control field: OSt

005 - DATE AND TIME OF LATEST TRANSACTION

  • control field: 20240809150105.0

008 - FIXED-LENGTH DATA ELEMENTS

  • fixed length control field: 240809|| aca||aabn | a|a d

040 ## - CATALOGING SOURCE

  • Original cataloging agency: OSt
  • Transcribing agency: OSt

100 ## - HEADING--PERSONAL NAME

  • Personal name: Loque, Dutch Boie T.

670 ## - SOURCE DATA FOUND

  • Source citation: Work cat.: (OSt): Loque, Dutch Boie T., Socioeconomic effect of the advent of technology in planting and harvesting of rice crops in bansalan, davao del sur /, July 2023.